10以上の大学に設置されている学部 - Statistics

General Stats
  • This quiz has been taken 1,908 times
  • The average score is 15 of 40
Answer Stats
大学数 学部/学域/学院/学群 % Correct
82 医学部/群
96%
120 経済学部
95%
112 文学部
93%
96 法学部
91%
102 工学部/域/院
90%
50 理学部/院
88%
103 教育学部
76%
90 経営学部
71%
47 理工学部/域/群
70%
36 農学部/群
68%
77 薬学部
66%
27 歯学部
62%
134 看護学部/群
59%
32 商学部
59%
31 外国語学部
44%
11 情報学部
42%
27 国際学部
36%
21 芸術学部
36%
11 体育学部
33%
17 心理学部/群
32%
53 人文学部
29%
11 建築学部
25%
33 音楽学部
21%
19 国際教養学部
13%
15 人間科学部
13%
17 家政学部
10%
12 人間学部/群
8%
13 国際関係学部/群
5%
33 社会福祉学部
4%
11 経済経営学部
3%
11 国際コミュニケーション学部
3%
26 健康科学部
2%
15 国際文化学部
2%
14 生活科学部
2%
12 現代社会学部
2%
12 リハビリテーション学部
2%
10 子ども学部
2%
13 人間社会学部/域/群
1%
11 経営情報学部
1%
14 健康栄養学部/群
0%
No matching quizzes found
Score Distribution
Percent of People with Each Score
Percentile by Number Answered
Your Score History
You have not taken this quiz